Online
Catalog

La República Dominicana : (Record no. 494)

MARC details
000 -CABECERA
campo de control de longitud fija 01484nam a2200337 a 4500
001 - NÚMERO DE CONTROL
campo de control 000000496
003 - IDENTIFICADOR DEL NÚMERO DE CONTROL
campo de control DO-SdBNP
005 - FECHA Y HORA DE LA ÚLTIMA TRANSACCIÓN
campo de control 20240313180825.0
008 - DATOS DE LONGITUD FIJA--INFORMACIÓN GENERAL
campo de control de longitud fija 081128s1974 dr abc 000 0 spa d
040 ## - FUENTE DE LA CATALOGACIÓN
Centro catalogador/agencia de origen DO-SdBNP
Lengua de catalogación spa
Centro/agencia transcriptor BNPHU
082 #4 - NÚMERO DE LA CLASIFICACIÓN DECIMAL DEWEY
Número de clasificación R 972.93
Número de documento/Ítem D446r, 1974
Número de edición 22
100 1# - ENTRADA PRINCIPAL--NOMBRE DE PERSONA
Nombre de persona Deschamps, Enrique,
Fechas asociadas al nombre 1872-1933
9 (RLIN) 2573
245 13 - MENCIÓN DE TÍTULO
Título La República Dominicana :
Resto del título directorio y guía general /
Mención de responsabilidad, etc. Enrique Deschamps.
250 ## - MENCIÓN DE EDICIÓN
Mención de edición 2a ed.
260 ## - PUBLICACIÓN, DISTRIBUCIÓN, ETC.
Lugar de publicación, distribución, etc. Santo Domingo :
Nombre del editor, distribuidor, etc. Editora de Santo Domingo,
Lugar de fabricación/manufactura 1974.
300 ## - DESCRIPCIÓN FÍSICA
Extensión 336, [ 144 ] p. :
Otras características físicas ils. , mapa , partitura, retrs. ;
Dimensiones 25 cm.
490 1# - MENCIÓN DE SERIE
Mención de serie Sociedad Dominicana de Bibliófilos.
-- Cultura dominicana ;
Designación de volumen o secuencia 1
500 ## - NOTA GENERAL
Nota general Incluye partitura del Himno Nacional Dominicano
500 ## - NOTA GENERAL
Nota general Incluye en anexo mapa de la isla de Santo Domingo y Haití.
534 ## - NOTA SOBRE LA VERSIÓN ORIGINAL
Encabezamiento principal del original Originalmente publicado:
Publicación, distribución, etc. del original Santiago de los Caballeros, República Dominicana, 1907
650 #4 - PUNTO DE ACCESO ADICIONAL DE MATERIA--TÉRMINO DE MATERIA
Término de materia o nombre geográfico como elemento de entrada Masonería
Subdivisión geográfica República Dominicana
9 (RLIN) 1652
651 #4 - PUNTO DE ACCESO ADICIONAL DE MATERIA--NOMBRE GEOGRÁFICO
Nombre geográfico República Dominicana
Subdivisión de forma Directorios
9 (RLIN) 1650
651 #4 - PUNTO DE ACCESO ADICIONAL DE MATERIA--NOMBRE GEOGRÁFICO
Nombre geográfico República Dominicana
Subdivisión general Historia
9 (RLIN) 170
651 #4 - PUNTO DE ACCESO ADICIONAL DE MATERIA--NOMBRE GEOGRÁFICO
Nombre geográfico República Dominicana
Subdivisión general Descripciones y viajes
9 (RLIN) 1651
651 #4 - PUNTO DE ACCESO ADICIONAL DE MATERIA--NOMBRE GEOGRÁFICO
Nombre geográfico República Dominicana
Subdivisión general Vida social y costumbres
9 (RLIN) 405
651 #4 - PUNTO DE ACCESO ADICIONAL DE MATERIA--NOMBRE GEOGRÁFICO
Nombre geográfico República Dominicana
Subdivisión general Condiciones económicas
9 (RLIN) 281
651 #4 - PUNTO DE ACCESO ADICIONAL DE MATERIA--NOMBRE GEOGRÁFICO
Nombre geográfico República Dominicana
Subdivisión general Condiciones sociales
9 (RLIN) 46
830 #0 - PUNTO DE ACCESO ADICIONAL DE SERIE-TÍTULO UNIFORME
Título uniforme Sociedad Dominicana de Bibliófilos.
Nombre de parte o sección de la obra Cultura dominicana;
Número de parte o sección de la obra 1
9 (RLIN) 1653
910 ## - DATOS DE OPCIÓN DEL USUARIO (OCLC)
Datos de opción del usuario Validado. Control de calidad MMOLINA
942 ## - ELEMENTOS DE PUNTO DE ACCESO ADICIONAL (KOHA)
Fuente del sistema de clasificación o colocación Dewey Decimal Classification
Tipo de ítem Koha Libro
Holdings
Estado de retiro Estado de pérdida No para préstamo Código de colección Localización permanente Ubicación/localización actual Ubicación en estantería Fecha de adquisición Número de inventario Total de préstamos Signatura topográfica completa Código de barras Fecha visto por última vez Precio válido a partir de Tipo de ítem Koha Restricciones de uso Número de copia Nota pública
    Préstamo en sala Dominicana de Servicio Biblioteca Nacional Pedro Henríquez Ureña Biblioteca Nacional Pedro Henríquez Ureña Orden iniciada 20.02.2015 LF1   R972.93 D446r, 1974 496-80 25.06.2020 25.06.2020 Libros y folletos      
      Dominicana de Servicio Biblioteca Nacional Pedro Henríquez Ureña Biblioteca Nacional Pedro Henríquez Ureña Depósito 27.07.2009 LF1   R972.93 D446r, 1974 496-30 25.06.2020 25.06.2020 Préstamo en sala Préstamo en sala e. 3  
      Dominicana de Servicio Biblioteca Nacional Pedro Henríquez Ureña Biblioteca Nacional Pedro Henríquez Ureña Depósito 17.08.2011 LF1   R972.93 D446r, 1974 496-70 25.06.2020 25.06.2020 Préstamo en sala Préstamo en sala e. 4  
    Excluido de préstamo Dominicana de Servicio Biblioteca Nacional Pedro Henríquez Ureña Biblioteca Nacional Pedro Henríquez Ureña Depósito 27.07.2009 LF1   R972.93 D446r, 1974 496-10 25.06.2020 25.06.2020 Préstamo en sala Préstamo en sala   Perteneció a la bibliteca personal de Germán Emilio Ornes.
    Excluido de préstamo Dominicana de Servicio Biblioteca Nacional Pedro Henríquez Ureña Biblioteca Nacional Pedro Henríquez Ureña Depósito 27.07.2009 LF1   R972.93 D446r, 1974 496-20 25.06.2020 25.06.2020 Préstamo en sala Préstamo en sala e. 2  

Powered by Koha